| 000 | 01814nam a22002897a 4500 | ||
|---|---|---|---|
| 005 | 20240305165637.0 | ||
| 007 | cr|||| |||| | ||
| 008 | 220801s2022 es |||||s|||| 00||0 spa d | ||
| 020 | _a978-84-1122-232-7 | ||
| 035 | _a36494 | ||
| 040 | _avLex | ||
| 090 |
_c13660 _d13660 |
||
| 100 | 1 | _aSánchez Sifriano, Reyna | |
| 245 | 1 | 0 |
_aRetos y Desafíos de los Derechos Humanos, Igualdad y Equidad de Género _h[Recurso electrónico] / _cReyna Sánchez Sifriano, Rafael Sánchez Vázquez, Georgina Tenorio Martínez, José Luis Pérez Becerra |
| 256 | _aServicio en línea | ||
| 260 |
_aMadrid: _bDykinson, _c2022 |
||
| 300 | _a1 recurso electrónico | ||
| 500 | _aRetos y desafíos de los Derechos Humanos, igualdad y equidad de género, es una obra jurídica que desarrolla un acercamiento pluridisciplinario, interdisciplinario y transdisciplinario que nos permite esquematizar la problemática que gira en torno a los Derechos Humanos, es analizada por los autores que proceden de diferentes partes de Iberoamérica que participan en este libro. Desde diferentes enfoques y perspectivas gnoseológicas de la cultura y conocimiento jurídico, se espera que las contribuciones permitan la provocación de la generación del conocimiento. | ||
| 506 | 1 |
_aDisponible solo en los productos indicados _dvLex Global _dvLex Global (Academic Edition, excluding Law Schools) _dvLex Global (U.S. Academic Edition, Law Schools) _dvLex Global (U.S. Academic Edition, excluding Law Schools) _dvLex Global (Academic Edition, Law Schools) |
|
| 650 | 0 | 4 |
_aDerecho Militar _zEspaña |
| 700 | 1 | _aSánchez Vázquez, Rafael | |
| 700 | 1 | _aTenorio Martínez, Georgina | |
| 700 | 1 | _aPérez Becerra, José Luis | |
| 740 | 0 | _avLex Libros (Servicio en línea) | |
| 856 | 4 | 0 | _uhttps://app.vlex.com/#/sources/36494 |
| 942 | _cRAA | ||
| 999 |
_c171896 _d171896 |
||